ÖLÜMCÜL TAKİP (Kayıt no. 815773)

MARC ayrıntıları
000 -LEADER
sabit uzunluktaki kontrol alanı 00251nam a2200097Ia 4500
001 - KONTROL NUMARASI
kontrol alanı 815773
005 - EN SON İŞLEMİN TARİH VE ZAMANI
kontrol alanı 20250826171702.0
008 - SABİT-UZUNLUKTA VERİ ÖĞELERİ--GENEL BİLGİ
sabit uzunluktaki kontrol alanı 250824s9999 xx 000 0 und d
245 #0 - ESER / YAZAR
ESER ADI ÖLÜMCÜL TAKİP
Yazar Adı TUNCEL ALTINKÖPRÜ
260 ## - YAYIN, DAĞITIM, VB.
YAYIN EVİ GENÇ HAYAT YAYINLARI
Mevcut
Düşüm durumu Kayıp durumu Hasar Durumu Ödünç verilmez Ana kütüphane Geçerli Kütüphane Edinilen tarih Toplam ödünç verme sayısı Barkod Son görüntüleme tarihi Son ödünç verme tarihi Fiyatın geçerli olmaya başladığı tarih Koha materyal türü
        AHMET KARACİĞAN ORTAOKULU AHMET KARACİĞAN ORTAOKULU 24.08.2025 2 1040374 19.02.2026 09.01.2026 26.08.2025 Kitaplar
Gemini Bilgi Teknolojileri A.Ş. tarafından düzenlenmiştir.